30 biggest cities in Arizona - Statistics

General Stats
  • This quiz has been taken 58 times
  • The average score is 20 of 30
Answer Stats
Population City % Correct
1,650,070 Phoenix
100%
547,239 Tucson
98%
511,648 Mesa
94%
244,394 Scottsdale
94%
76,586 Flagstaff
92%
280,167 Chandler
90%
100,858 Yuma
88%
275,411 Gilbert
85%
253,855 Glendale
85%
158,285 Surprise
85%
189,834 Tempe
85%
111,805 Goodyear
79%
198,750 Peoria
79%
108,909 Buckeye
73%
59,257 Lake Havasu City
73%
47,757 Prescott
71%
93,545 Avondale
67%
63,743 Casa Grande
67%
71,022 Maricopa
60%
50,045 Prescott Valley
56%
58,430 Marana
52%
43,302 Bullhead City
50%
35,334 Kingman
50%
41,153 Apache Junction
46%
76,570 Queen Creek
44%
48,311 Oro Valley
42%
44,431 Sierra Vista
35%
37,966 San Luis
29%
35,850 El Mirage
23%
36,356 Sahuarita
21%
No matching quizzes found
Score Distribution
Percent of People with Each Score
Percentile by Number Answered
Your Score History
You have not taken this quiz